zpět

Detail výsledku týmu

AC klub, Hradec Králové

Datum a čas kvízu

29.5 Celkem bodů Celkový počet nahraných bodů na tomto kvízu bez doplňovacích otázek.
4. Pořadí na kvízu Konečné umístění týmu na tomto kvízu.

Zaznamenané odpovědi

# Otázka Odpověď Body Výsledky
1. Jak se jmenuje politik, který... Marian Jurečka 1
2. Saúdskoarabský korunní princ M... Jeff Bezos 0
3. Nejvíce nominací na hudební Ce... Vladimír Mišík 1
4. Do švýcarského městečka Davos... Světové ekonomické fórum (WEF) 0
5. Renata Zachová se stala první... judo 1
6. Jelikož se o ostrovech zmiňuje... D 1
7. Jak se nazývá ostrov, na němž... Borneo 0
8. Za jistou formu "ostrova" se d... Lesotho 0
9. Ostrovačice v okrese Brno-venk... Amerika 0
10. Jak se jmenoval německý patolo... Paul Langerhans 1